| 000 | 00675nam a2200205 a 4500 | ||
|---|---|---|---|
| 005 | 20240925070010.0 | ||
| 008 | 991125 000 0 spa u | ||
| 035 | _aUPN01000008355 | ||
| 049 | _aCG | ||
| 050 | 4 |
_aHT609 _bM3.2 |
|
| 100 | 1 | _aMallet, Serge | |
| 245 | 1 | 3 |
_aLa clase obrera en las sociedades industriales / _cSerge Mallet. |
| 300 | _ap. 34-80 | ||
| 501 | _aEn: El socialismo y la sociedad industrial / por Serge Mallet ; tr. Carlos Gerhardt. -- México : Siglo XXI, 1968 (1975 impr.) | ||
| 500 | _aUniversidad Pedagógica Nacional | ||
| 500 | _aFotocopia | ||
| 650 | 7 |
_aClases sociales _2 _96922 |
|
| 650 | 4 |
_aTrabajo y trabajadores _96124 |
|
| 905 | _aLibro | ||
| 999 |
_c8355 _d8355 |
||